000 00328 a2200133 4500
001 194785
040 _cMagnum
100 _aAlmeida, Manuel Antônio de
240 1 0 _aMemórias de um sargento de milícias
_lpor
245 1 0 _aMemórias de um sargento de milícias
300 _a110
697 _aLITERATURA GERAL
942 _cBK
999 _c194785
_d194785